[Event "St Petersburg op"]
[Site "St Petersburg"]
[Date "2001.??.??"]
[Round "3"]
[White "Arykin, Aleksey"]
[Black "Kalinichev, Konstantin"]
[Result "0-1"]
[WhiteElo "2319"]
[BlackElo "2183"]
[PlyCount "64"]
[EventDate "2001.??.??"]
[EventType "swiss"]
[EventRounds "9"]
[EventCountry "RUS"]
[SourceTitle "EXT 2002"]
[Source "ChessBase"]
[SourceDate "2001.11.25"]
[SourceVersion "1"]
[SourceVersionDate "2001.11.25"]
[SourceQuality "1"]

1. e4 c5 2. Nf3 e6 3. d4 cxd4 4. Nxd4 Nf6 5. Nc3 Nc6 6. g3 d5 7. Bg2 Qb6 8. Nb3 d4 9. Ne2 e5 10. 0-0 a5 11. Bg5 Be7 12. h3 Be6 13. Rb1 0-0 14. Kh1 h6 15. Bxf6 Bxf6 16. Nbc1 Be7 17. a3 Bxa3 18. f4 f6 19. g4 Be7 20. Nd3 Rac8 21. Ng3 Nb4 22. Nf5 Bxf5 23. Nxb4 Bxg4 24. Qxg4 axb4 25. Rg1 Rxc2 26. Bf3 g5 27. f5 Rf7 28. Ra1 d3 29. Qh5 Qd8 30. Bd1 b3 31. Ra7 Bc5 32. Rg2 Bxa7 0-1

[Event "St Petersburg op"]
[Site "St Petersburg"]
[Date "2001.??.??"]
[Round "7"]
[White "Lanin, Alexsej"]
[Black "Kalinichev, Konstantin"]
[Result "1/2-1/2"]
[WhiteElo "2122"]
[BlackElo "2183"]
[PlyCount "69"]
[EventDate "2001.??.??"]
[EventType "swiss"]
[EventRounds "9"]
[EventCountry "RUS"]
[SourceTitle "EXT 2002"]
[Source "ChessBase"]
[SourceDate "2001.11.25"]
[SourceVersion "1"]
[SourceVersionDate "2001.11.25"]
[SourceQuality "1"]

1. e4 c5 2. Nf3 e6 3. d4 cxd4 4. Nxd4 Nf6 5. Nc3 Nc6 6. Ndb5 Bb4 7. a3 Bxc3+ 8. Nxc3 d5 9. exd5 exd5 10. Bd3 d4 11. Qe2+ Be6 12. Ne4 Nxe4 13. Qxe4 Qd5 14. Qxd5 Bxd5 15. 0-0 0-0 16. Bf4 Rfe8 17. Rfe1 f6 18. f3 Ne5 19. Bb5 Bc6 20. Bf1 g5 21. Bg3 Rad8 22. Red1 Rd7 23. Bf2 Red8 24. Be2 a6 25. Rd2 Bb5 26. Bxb5 axb5 27. b3 d3 28. c3 Kf7 29. a4 bxa4 30. Rxa4 Rc8 31. Bd4 Ke6 32. Kf2 b5 33. Ra6+ Kf7 34. Rb6 Rd5 35. h3 1/2-1/2

[Event "St Petersburg op"]
[Site "St Petersburg"]
[Date "2001.??.??"]
[Round "9"]
[White "Nikolaev, Vadim S"]
[Black "Kalinichev, Konstantin"]
[Result "1/2-1/2"]
[WhiteElo "2308"]
[BlackElo "2183"]
[PlyCount "70"]
[EventDate "2001.??.??"]
[EventType "swiss"]
[EventRounds "9"]
[EventCountry "RUS"]
[SourceTitle "EXT 2002"]
[Source "ChessBase"]
[SourceDate "2001.11.25"]
[SourceVersion "1"]
[SourceVersionDate "2001.11.25"]
[SourceQuality "1"]

1. e4 c5 2. Nf3 e6 3. d4 cxd4 4. Nxd4 Nf6 5. Nc3 Nc6 6. Ndb5 Bb4 7. a3 Bxc3+ 8. Nxc3 d5 9. exd5 exd5 10. Bd3 0-0 11. 0-0 d4 12. Ne2 Bg4 13. Bg5 Qd6 14. Qd2 Bxe2 15. Qxe2 Rfe8 16. Qd1 Ne4 17. Bc1 Nc5 18. Bc4 Qf6 19. b4 Ne4 20. Bb2 Nc3 21. Qd2 Rac8 22. Rae1 Red8 23. Bb3 h6 24. Bc1 a5 25. Qf4 Qxf4 26. Bxf4 axb4 27. axb4 Nxb4 28. Bg3 Re8 29. Bd6 Nc6 30. Bc4 Ne4 31. Bf4 Nb4 32. Bb5 Nc6 33. Bd3 Nc3 34. f3 g5 35. Bd2 Nd5 1/2-1/2

[Event "St Petersburg op"]
[Site "St Petersburg"]
[Date "2001.??.??"]
[Round "1"]
[White "Rusanov, Michail"]
[Black "Kalinichev, Konstantin"]
[Result "1-0"]
[WhiteElo "2425"]
[BlackElo "2183"]
[PlyCount "103"]
[EventDate "2001.??.??"]
[EventType "swiss"]
[EventRounds "9"]
[EventCountry "RUS"]
[SourceTitle "EXT 2002"]
[Source "ChessBase"]
[SourceDate "2001.11.25"]
[SourceVersion "1"]
[SourceVersionDate "2001.11.25"]
[SourceQuality "1"]

1. d4 Nf6 2. Bg5 Ne4 3. Bf4 d5 4. e3 Bf5 5. f3 Nf6 6. c4 e6 7. Nc3 c5 8. Bxb8 Rxb8 9. Qa4+ Nd7 10. cxd5 cxd4 11. Qxd4 exd5 12. Nxd5 Be6 13. Ne2 Bxd5 14. Qxd5 Bb4+ 15. Kf2 0-0 16. Rd1 Ne5 17. Qxd8 Rfxd8 18. Nd4 Nc6 19. Nxc6 bxc6 20. Bc4 Kf8 21. Ke2 Ke7 22. Rxd8 Rxd8 23. Bd3 Ba5 24. Rc1 Rd6 25. Rc4 g6 26. g4 h6 27. h4 Bb6 28. Be4 c5 29. g5 hxg5 30. hxg5 Rd8 31. b3 Rh8 32. Bd5 Rd8 33. Re4+ Kf8 34. Bc4 Rd7 35. Rh4 Bd8 36. f4 Kg7 37. Rh1 Bc7 38. Kf3 Rd2 39. Bxf7 Rxa2 40. Bc4 Rd2 41. Be2 Ba5 42. Rc1 Bb4 43. e4 Rd4 44. Bb5 a5 45. Rh1 Bd2 46. Ra1 Rd8 47. Kg4 Rd4 48. Ra2 Bb4 49. Re2 Bd2 50. f5 gxf5+ 51. Kxf5 Bc1 52. Rc2 1-0

[Event "Chigorin Memorial 06th"]
[Site "St Petersburg"]
[Date "1998.11.01"]
[Round "2"]
[White "Kalinichev, Konstantin"]
[Black "Malinin, Yuri"]
[Result "1-0"]
[WhiteElo "2190"]
[BlackElo "2335"]
[PlyCount "91"]
[EventDate "1998.10.31"]
[EventType "swiss"]
[EventRounds "9"]
[EventCountry "RUS"]
[SourceTitle "CBM 067 Extra"]
[Source "ChessBase"]
[SourceDate "1999.01.01"]
[SourceVersion "1"]
[SourceVersionDate "1999.01.01"]
[SourceQuality "1"]

1. d4 Nf6 2. c4 e6 3. g3 c5 4. Nf3 cxd4 5. Nxd4 d5 6. Bg2 e5 7. Nf3 d4 8. 0-0 Nc6 9. e3 Bc5 10. exd4 exd4 11. Re1+ Be6 12. Nbd2 0-0 13. Nb3 Qb6 14. Ne5 Bb4 15. Bd2 Bxd2 16. Qxd2 Nxe5 17. Rxe5 Bxc4 18. Nc5 Qd6 19. Rae1 Rae8 20. Rxe8 Rxe8 21. Nxb7 Rxe1+ 22. Qxe1 Qe6 23. Qxe6 fxe6 24. b3 Be2 25. Nc5 e5 26. f3 Kf7 27. Kf2 Bb5 28. f4 Ng4+ 29. Ke1 exf4 30. gxf4 Nxh2 31. a4 Be8 32. Kd2 Kf6 33. Ne4+ Ke6 34. Kd3 Bg6 35. Kxd4 Kf5 36. Nd6+ Kxf4 37. b4 Ng4 38. b5 Ne3 39. a5 Nxg2 40. b6 axb6 41. axb6 Ne1 42. b7 Nf3+ 43. Kd5 Bh5 44. b8Q g5 45. Ne4+ Ke3 46. Nxg5 1-0